000 00650nam a2200217Ii 4500
003 JO-AjNU
008 230606s9999||||xx |||||||||||||| ||und||
020 _a978-0-486-47211-9
040 _aJO-AjNU
_beng
_erda
_cJO-AjNU
041 _aeng
050 1 4 _aQA3 .H184.2009
100 3 _a Hale, Jack K. ,
_eauthor
_91025
245 0 0 _a Ordinary differential equations
264 3 1 _aDover publication :new york.2009
300 _a360p
336 _atext
_btxt
_2rdacontent
337 _aunmediated
_bn
_2rdamedia
338 _avolume
_bnc
_2rdacarrier
490 0 _a Pure and applied mathematics v.21 
650 4 _a Differential equations 
_91026
999 _aE538
_c538
_d538